[Event "CZE-chT2D 1213"]
[Site "Czech Republic"]
[Date "2013.03.24"]
[Round "11.8"]
[White "Vaculik, Jakub"]
[Black "Dostal, Pavel"]
[Result "1/2-1/2"]
[WhiteElo "1862"]
[BlackElo "2105"]
[PlyCount "62"]
[EventDate "2012.10.14"]
[EventType "team-tourn"]
[EventRounds "11"]
[EventCountry "CZE"]
[SourceTitle "EXT 2016"]
[Source "ChessBase"]
[SourceDate "2015.10.08"]
[SourceVersion "1"]
[SourceVersionDate "2015.10.08"]
[SourceQuality "1"]
[WhiteTeam "Velke Losiny"]
[BlackTeam "Nachod"]
[WhiteTeamCountry "CZE"]
[BlackTeamCountry "CZE"]

1. d4 Nf6 2. Nf3 b5 3. e3 a6 4. c4 bxc4 5. Bxc4 e6 6. Nc3 d5 7. Bb3 Bd6 8. Qc2 0-0 9. 0-0 Bb7 10. Bd2 Nbd7 11. Na4 Ne4 12. a3 Rc8 13. Bb4 c5 14. dxc5 a5 15. Qd1 Ndxc5 16. Bxc5 Nxc5 17. Nxc5 Rxc5 18. Qd2 Qb6 19. Bc2 Ba6 20. Rfc1 Rfc8 21. Ba4 Rxc1+ 22. Rxc1 Rxc1+ 23. Qxc1 Qc5 24. Qxc5 Bxc5 25. Nd4 Bd3 26. Bb5 Bg6 27. Nc6 Bb6 28. Ne7+ Kf8 29. Nxg6+ hxg6 30. b4 axb4 31. axb4 g5 1/2-1/2

[Event "CZE-chT2D 1213"]
[Site "Czech Republic"]
[Date "2012.11.18"]
[Round "3.8"]
[White "Dostal, Pavel"]
[Black "Mareckova, Martina"]
[Result "1-0"]
[WhiteElo "2105"]
[BlackElo "2080"]
[PlyCount "97"]
[EventDate "2012.10.14"]
[EventType "team-tourn"]
[EventRounds "11"]
[EventCountry "CZE"]
[SourceTitle "EXT 2016"]
[Source "ChessBase"]
[SourceDate "2015.10.08"]
[SourceVersion "1"]
[SourceVersionDate "2015.10.08"]
[SourceQuality "1"]
[WhiteTeam "Nachod"]
[BlackTeam "Rychnov nad Kneznou"]
[WhiteTeamCountry "CZE"]
[BlackTeamCountry "CZE"]

1. d4 Nf6 2. Nc3 g6 3. e4 d6 4. Bc4 Bg7 5. Qe2 c6 6. e5 dxe5 7. dxe5 Nd5 8. Bd2 0-0 9. 0-0-0 Be6 10. Nf3 b5 11. Bxd5 Bxd5 12. Nxd5 Qxd5 13. Kb1 Na6 14. Bg5 Qc5 15. Rd7 f6 16. Be3 Qb4 17. Nd4 Rfc8 18. c3 Qc4 19. Qxc4+ bxc4 20. Ne6 fxe5 21. Rhd1 Bf6 22. g4 Kf7 23. Nd8+ Ke8 24. Nb7 Rc7 25. Rd8+ Rxd8 26. Rxd8+ Kf7 27. Na5 h5 28. g5 Bg7 29. Nxc4 Ke6 30. Rg8 Kf7 31. Rd8 Ke6 32. f3 Rb7 33. Kc2 Rc7 34. Nd2 Rd7 35. Rxd7 Kxd7 36. Ne4 c5 37. Kd3 Nc7 38. Nxc5+ Kc6 39. c4 e4+ 40. Nxe4 Bxb2 41. Bxa7 Be5 42. h3 Ne6 43. Be3 Bc7 44. a4 Nd8 45. Nc3 Nb7 46. Nd5 Bd6 47. Nc3 Bb4 48. Ne2 Kd6 49. Nf4 1-0

[Event "CZE-chT2D 1213"]
[Site "Czech Republic"]
[Date "2012.11.04"]
[Round "2.8"]
[White "Malivanek, Jiri"]
[Black "Dostal, Pavel"]
[Result "1-0"]
[WhiteElo "2178"]
[BlackElo "2105"]
[PlyCount "85"]
[EventDate "2012.10.14"]
[EventType "team-tourn"]
[EventRounds "11"]
[EventCountry "CZE"]
[SourceTitle "EXT 2016"]
[Source "ChessBase"]
[SourceDate "2015.10.08"]
[SourceVersion "1"]
[SourceVersionDate "2015.10.08"]
[SourceQuality "1"]
[WhiteTeam "Chrudim"]
[BlackTeam "Nachod"]
[WhiteTeamCountry "CZE"]
[BlackTeamCountry "CZE"]

1. e4 Nf6 2. Nc3 d5 3. exd5 Nxd5 4. Bc4 Nb6 5. Bb3 Nc6 6. Qf3 e6 7. Nge2 Be7 8. a4 a5 9. Nb5 Bf6 10. 0-0 Ne5 11. Qe4 c6 12. f4 Ng6 13. Nbd4 0-0 14. Nf3 Nd5 15. d4 Be7 16. Ne5 Nf6 17. Qd3 c5 18. Be3 cxd4 19. Bxd4 Nd7 20. Qe3 Ndxe5 21. fxe5 Qc7 22. c3 Bd7 23. Bc2 Bc6 24. Nf4 Bg5 25. g3 Ne7 26. h4 Bh6 27. g4 Nd5 28. Qd3 g6 29. Nh5 f5 30. exf6 gxh5 31. g5 e5 32. g6 e4 33. f7+ Rxf7 34. gxf7+ Qxf7 35. Qg3+ Qg6 36. Qxg6+ hxg6 37. Bxe4 Nf4 38. Rae1 Bxa4 39. Bxb7 Rb8 40. Re7 Ne2+ 41. Rxe2 Rxb7 42. Rf6 Kh7 43. Rfe6 1-0

[Event "Nachod op"]
[Site "Nachod"]
[Date "2006.07.08"]
[Round "8"]
[White "Dostal, Pavel"]
[Black "Jirasek, Pavel"]
[Result "0-1"]
[WhiteElo "2120"]
[BlackElo "2177"]
[PlyCount "66"]
[EventDate "2006.07.01"]
[EventType "swiss"]
[EventRounds "9"]
[EventCountry "CZE"]
[SourceTitle "CBM 113 Extra"]
[Source "ChessBase"]
[SourceDate "2006.09.14"]
[SourceVersion "1"]
[SourceVersionDate "2006.09.14"]
[SourceQuality "1"]

1. d4 Nf6 2. Nf3 e6 3. c4 Bb4+ 4. Nc3 Qe7 5. Bg5 0-0 6. Qc2 d6 7. e4 e5 8. d5 h6 9. Bh4 g5 10. Bg3 Bxc3+ 11. Qxc3 Na6 12. h4 g4 13. Nd2 Nh5 14. Bd3 Nc5 15. 0-0-0 f5 16. exf5 Nxg3 17. fxg3 Nxd3+ 18. Qxd3 Bxf5 19. Qe3 Qh7 20. h5 b6 21. Rh4 Kh8 22. Re1 Rf7 23. Nf1 Bd3 24. Rxg4 Raf8 25. Nd2 Rf2 26. Rh1 Bb1 27. Rg6 Bxg6 28. hxg6 Qg7 29. Rxh6+ Kg8 30. Qg5 e4 31. Qe3 Rxg2 32. Rh7 Qxg6 33. Rxc7 Rxg3 0-1

[Event "Nachod op"]
[Site "Nachod"]
[Date "2006.07.04"]
[Round "4"]
[White "Dostal, Pavel"]
[Black "Srejber, Michal"]
[Result "1-0"]
[WhiteElo "2120"]
[BlackElo "1828"]
[PlyCount "85"]
[EventDate "2006.07.01"]
[EventType "swiss"]
[EventRounds "9"]
[EventCountry "CZE"]
[SourceTitle "CBM 113 Extra"]
[Source "ChessBase"]
[SourceDate "2006.09.14"]
[SourceVersion "1"]
[SourceVersionDate "2006.09.14"]
[SourceQuality "1"]

1. d4 d5 2. c4 e5 3. dxe5 d4 4. Nf3 Nc6 5. Nbd2 Bf5 6. a3 Qd7 7. b4 Bxb4 8. axb4 Nxb4 9. Qa4 Nc2+ 10. Kd1 Nxa1 11. Qxa1 c5 12. h3 f6 13. g4 Be6 14. Bg2 f5 15. Ng5 Ne7 16. Nxe6 Qxe6 17. Bxb7 Rb8 18. Qa4+ Qd7 19. Qxd7+ Kxd7 20. Bd5 g6 21. Ba3 Rhc8 22. Rg1 a5 23. gxf5 Nxf5 24. Kc2 Ne7 25. Ne4 Nxd5 26. cxd5 c4 27. Nc5+ Rxc5 28. Bxc5 Rb5 29. Bxd4 Rxd5 30. Kc3 Rb5 31. Kxc4 Rb4+ 32. Kc5 Rb3 33. Rg3 Rb4 34. Ra3 Ke6 35. Rxa5 Rb3 36. Ra6+ Kf5 37. Rf6+ Kg5 38. e6 h5 39. e7 Kh4 40. e8Q g5 41. Rh6 Kxh3 42. Qxh5+ Kg2 43. Qh1# 1-0

[Event "CZE-chT2c 0506"]
[Site "Czech Republic"]
[Date "2006.02.26"]
[Round "8.7"]
[White "Just, Pavel"]
[Black "Dostal, Pavel"]
[Result "0-1"]
[WhiteElo "2073"]
[BlackElo "2079"]
[PlyCount "88"]
[EventDate "2005.10.16"]
[EventType "team"]
[EventRounds "11"]
[EventCountry "CZE"]
[SourceTitle "EXT 2009"]
[Source "ChessBase"]
[SourceDate "2008.11.26"]
[SourceVersion "1"]
[SourceVersionDate "2008.11.26"]
[SourceQuality "1"]
[WhiteTeam "Polabiny"]
[BlackTeam "Nachod"]
[WhiteTeamCountry "CZE"]
[BlackTeamCountry "CZE"]

1. e4 Nc6 2. Nf3 d6 3. d4 Nf6 4. Nc3 Bg4 5. Bb5 a6 6. Bxc6+ bxc6 7. Qd3 Qb8 8. 0-0 e6 9. Bg5 Nd7 10. Na4 Bxf3 11. gxf3 Qb5 12. Qxb5 axb5 13. Nc3 Nb6 14. b3 h6 15. Bd2 Be7 16. f4 d5 17. f3 Ba3 18. Bc1 0-0 19. Bxa3 Rxa3 20. Nb1 Ra6 21. e5 Rfa8 22. a3 Nc8 23. Kf2 Ne7 24. Ke3 Nf5+ 25. Kd3 Kh7 26. Rg1 Nh4 27. Rg3 Ng6 28. Ke3 Ne7 29. Kd3 b4 30. a4 c5 31. c3 c4+ 32. bxc4 Rxa4 33. Rxa4 Rxa4 34. c5 Nf5 35. c4 Nxg3 36. hxg3 Ra1 37. cxd5 exd5 38. Kc2 Ra2+ 39. Kb3 Rf2 40. c6 h5 41. f5 Kg8 42. Kxb4 Rb2+ 43. Kc5 Rxb1 44. Kxd5 Kf8 0-1

[Event "Nachod op 0304"]
[Site "Nachod"]
[Date "2004.??.??"]
[Round "?"]
[White "Tejkal, Jiri"]
[Black "Dostal, Pavel"]
[Result "0-1"]
[WhiteElo "2100"]
[BlackElo "2035"]
[PlyCount "102"]
[EventDate "2003.12.??"]
[EventType "swiss"]
[EventRounds "9"]
[EventCountry "CZE"]
[SourceTitle "EXT 2007"]
[Source "ChessBase"]
[SourceDate "2006.11.23"]
[SourceVersion "1"]
[SourceVersionDate "2006.11.23"]
[SourceQuality "1"]

1. c4 c6 2. d4 d5 3. Nf3 dxc4 4. e3 b5 5. a4 e6 6. axb5 cxb5 7. b3 Bb4+ 8. Bd2 Bxd2+ 9. Nbxd2 a5 10. bxc4 b4 11. c5 Nf6 12. Nc4 0-0 13. Bd3 Bb7 14. 0-0 Be4 15. Nb6 Ra7 16. Ne5 Bxd3 17. Qxd3 Nd5 18. Na4 f6 19. Nc4 Nc6 20. Nd6 Rd7 21. Qc4 Kh8 22. e4 Nf4 23. g3 Nh3+ 24. Kg2 Ng5 25. f3 e5 26. h4 Nf7 27. Nxf7+ Rdxf7 28. d5 Nd4 29. f4 b3 30. c6 Nc2 31. Qxb3 Nxa1 32. Rxa1 exf4 33. gxf4 Qd6 34. Kf3 Rb8 35. Qa3 Rb4 36. Nc3 f5 37. e5 Qc5 38. Kg2 Rf8 39. e6 Qe3 40. Nd1 Qd2+ 41. Nf2 Qxd5+ 42. Qf3 Qxe6 43. Rxa5 Rc4 44. Nd3 Qxc6 45. Qxc6 Rxc6 46. Ne5 Rc2+ 47. Kh3 Rc3+ 48. Kg2 Rb8 49. Ra2 g6 50. Nf7+ Kg8 51. Ne5 Rbc8 0-1

[Event "Nachod op 7th"]
[Site "Nachod"]
[Date "2001.??.??"]
[Round "2"]
[White "Kubat, Pavel"]
[Black "Dostal, Pavel"]
[Result "1/2-1/2"]
[WhiteElo "1860"]
[BlackElo "2050"]
[PlyCount "68"]
[EventDate "2001.??.??"]
[EventType "swiss"]
[EventRounds "9"]
[EventCountry "CZE"]
[SourceTitle "EXT 2007"]
[Source "ChessBase"]
[SourceDate "2006.11.23"]
[SourceVersion "1"]
[SourceVersionDate "2006.11.23"]
[SourceQuality "1"]

1. e4 Nf6 2. Nc3 d5 3. e5 Ne4 4. Nxe4 dxe4 5. d4 exd3 6. Bxd3 Nc6 7. Nf3 Qd5 8. c4 Qc5 9. Be3 Qb4+ 10. Qd2 Bg4 11. Qxb4 Nxb4 12. Be4 Bxf3 13. gxf3 Nc6 14. f4 e6 15. a3 0-0-0 16. b4 Nd4 17. Rd1 c5 18. Bxd4 cxd4 19. Ke2 Be7 20. Rhg1 g6 21. Rd3 Rd7 22. Rgd1 Rhd8 23. c5 Kb8 24. Rc1 Rc7 25. Rc4 b6 26. c6 Rcc8 27. Rcxd4 Rxd4 28. Rxd4 Rd8 29. Rc4 Kc7 30. b5 Bc5 31. Ra4 Ra8 32. Kf3 a5 33. bxa6 Ra7 34. Ke2 b5 1/2-1/2